[Event "SLO-chT3 West"]
[Site "Otocec"]
[Date "2016.11.26"]
[Round "2"]
[White "Trussevich, Simon"]
[Black "Ivanovic, Andrej"]
[Result "1/2-1/2"]
[WhiteElo "1343"]
[BlackElo "2064"]
[PlyCount "83"]
[EventDate "2016.11.25"]
[EventType "team-tourn"]
[EventRounds "5"]
[EventCountry "SLO"]
[SourceTitle "EXT 2022"]
[Source "ChessBase"]
[SourceDate "2021.10.06"]
[SourceVersion "1"]
[SourceVersionDate "2021.10.06"]
[SourceQuality "1"]

1. d4 e6 2. c4 f5 3. Nf3 Nf6 4. g3 d5 5. cxd5 exd5 6. Bg2 Bd6 7. Bg5 0-0 8. 0-0 c6 9. e3 Qb6 10. Bxf6 Rxf6 11. Qc2 Nd7 12. Nc3 Rf8 13. Nd2 Nf6 14. Nb3 Qc7 15. f3 Qf7 16. e4 fxe4 17. fxe4 Qg6 18. Qe2 Bg4 19. Qe3 dxe4 20. Nxe4 Nxe4 21. Bxe4 Qh5 22. Rxf8+ Rxf8 23. Nd2 Kh8 24. Rf1 Rxf1+ 25. Nxf1 Bd7 26. a3 Qd1 27. Qd2 Qxd2 28. Nxd2 Be6 29. Kf2 g6 30. Ke3 Kg7 31. Kd3 Kf6 32. Nc4 Bc7 33. Ne3 Bd6 34. b4 a5 35. d5 cxd5 36. Nxd5+ Ke5 37. Nf4 Bf5 38. Bxf5 Kxf5 39. Nd5 Ke5 40. Kc4 b5+ 41. Kxb5 Kxd5 42. Kxa5 1/2-1/2

[Event "SLO-CupT"]
[Site "Portoroz"]
[Date "2016.03.12"]
[Round "2"]
[White "Ivanovic, Andrej"]
[Black "Lucovnik, Tilen"]
[Result "1-0"]
[WhiteElo "2075"]
[BlackElo "2054"]
[PlyCount "54"]
[EventDate "2016.03.11"]
[EventType "team-swiss"]
[EventRounds "5"]
[EventCountry "SLO"]
[SourceTitle "EXT 2019"]
[Source "ChessBase"]
[SourceDate "2018.10.10"]
[SourceVersion "1"]
[SourceVersionDate "2018.10.10"]
[SourceQuality "1"]
[WhiteTeam "Val Koper"]
[BlackTeam "Komenda"]
[WhiteTeamCountry "SLO"]
[BlackTeamCountry "SLO"]

1. d4 d5 2. c4 dxc4 3. Nf3 Nf6 4. e3 e6 5. Bxc4 c5 6. 0-0 a6 7. a4 Nc6 8. Nc3 cxd4 9. exd4 Be7 10. Bg5 0-0 11. Qd2 Nb4 12. Rfe1 Nbd5 13. Bxd5 exd5 14. Rxe7 Qxe7 15. Nxd5 Qd6 16. Nxf6+ gxf6 17. Bf4 Qd5 18. Rc1 Re8 19. Rc5 Qe4 20. Be3 Bd7 21. d5 Rac8 22. Rxc8 Rxc8 23. Ne1 Bxa4 24. f3 Qf5 25. b4 Rd8 26. d6 Qe5 27. Bc5 b6 1-0

[Event "SLO-chT1 West"]
[Site "Ljubljana"]
[Date "2014.10.12"]
[Round "6"]
[White "Stevanic, David"]
[Black "Ivanovic, Andrej"]
[Result "0-1"]
[WhiteElo "1858"]
[BlackElo "2090"]
[PlyCount "102"]
[EventDate "2014.10.03"]
[EventType "team-tourn"]
[EventRounds "9"]
[EventCountry "SLO"]
[SourceTitle "EXT 2019"]
[Source "ChessBase"]
[SourceDate "2018.10.10"]
[SourceVersion "1"]
[SourceVersionDate "2018.10.10"]
[SourceQuality "1"]
[WhiteTeam "Kocevje"]
[BlackTeam "Val Koper"]
[WhiteTeamCountry "SLO"]
[BlackTeamCountry "SLO"]

1. e4 c5 2. c3 g6 3. d4 cxd4 4. cxd4 d5 5. e5 Nc6 6. f4 Nh6 7. Nf3 Bg4 8. Bb5 e6 9. 0-0 Rc8 10. h3 Bxf3 11. Rxf3 Qb6 12. Rb3 Nf5 13. Bxc6+ Qxc6 14. Rc3 Qd7 15. Rxc8+ Qxc8 16. Nc3 Nxd4 17. Be3 Nc6 18. Qa4 a6 19. Bb6 Be7 20. Ne2 Qd7 21. Rc1 0-0 22. Nd4 Nxe5 23. Qxd7 Nxd7 24. Ba7 Ra8 25. Rc7 Rxa7 26. Nb3 Bc5+ 27. Nxc5 Nxc5 28. Rxc5 b5 29. Kf2 h5 30. g4 hxg4 31. hxg4 Kf8 32. f5 gxf5 33. gxf5 Ke7 34. fxe6 fxe6 35. Ke3 Kd6 36. Rc8 Rc7 37. Ra8 Rc6 38. Rh8 Rc2 39. Ra8 Rxb2 40. Rxa6+ Ke5 41. Kd3 Rb4 42. Rb6 Ra4 43. Rxb5 Rxa2 44. Rb3 Rh2 45. Rb5 Rh3+ 46. Kd2 Ke4 47. Rb4+ d4 48. Rb6 Rh2+ 49. Ke1 e5 50. Rg6 Kf3 51. Ra6 e4 0-1

[Event "SLO-chT1 West"]
[Site "Ljubljana"]
[Date "2014.10.10"]
[Round "4"]
[White "Ivanovic, Andrej"]
[Black "Susnik, Matej"]
[Result "1/2-1/2"]
[WhiteElo "2090"]
[BlackElo "2048"]
[PlyCount "30"]
[EventDate "2014.10.03"]
[EventType "team-tourn"]
[EventRounds "9"]
[EventCountry "SLO"]
[SourceTitle "EXT 2019"]
[Source "ChessBase"]
[SourceDate "2018.10.10"]
[SourceVersion "1"]
[SourceVersionDate "2018.10.10"]
[SourceQuality "1"]
[WhiteTeam "Val Koper"]
[BlackTeam "Tomo Zupan Vzajemna"]
[WhiteTeamCountry "SLO"]
[BlackTeamCountry "SLO"]

1. d4 Nf6 2. c4 e6 3. Nc3 c5 4. d5 exd5 5. cxd5 d6 6. Nf3 g6 7. Bf4 Bg7 8. e3 0-0 9. h3 a6 10. a4 Re8 11. Be2 Ne4 12. Qb3 Qc7 13. 0-0 Nd7 14. Rfd1 Rb8 15. Rac1 Ndf6 1/2-1/2

[Event "SLO-chT1 West"]
[Site "Ljubljana"]
[Date "2014.10.04"]
[Round "2"]
[White "Ivanovic, Andrej"]
[Black "Brcar, Matej"]
[Result "1-0"]
[WhiteElo "2090"]
[BlackElo "1692"]
[PlyCount "77"]
[EventDate "2014.10.03"]
[EventType "team-tourn"]
[EventRounds "9"]
[EventCountry "SLO"]
[SourceTitle "EXT 2019"]
[Source "ChessBase"]
[SourceDate "2018.10.10"]
[SourceVersion "1"]
[SourceVersionDate "2018.10.10"]
[SourceQuality "1"]
[WhiteTeam "Val Koper"]
[BlackTeam "Trebnje BMP"]
[WhiteTeamCountry "SLO"]
[BlackTeamCountry "SLO"]

1. d4 d5 2. c4 e6 3. Nc3 Be7 4. cxd5 exd5 5. Bf4 Nf6 6. e3 c6 7. Bd3 0-0 8. h3 Nbd7 9. Nf3 Re8 10. 0-0 Nf8 11. Rb1 a5 12. a3 Ng6 13. Bh2 Bd6 14. Bxd6 Qxd6 15. Qc2 Qe7 16. Nd2 Nh4 17. Rfe1 Qe6 18. Bf1 Ne4 19. Ncxe4 dxe4 20. b4 axb4 21. axb4 Ra2 22. Rb2 Rxb2 23. Qxb2 Qg6 24. Kh2 Qd6+ 25. Kh1 Qf6 26. Nc4 Be6 27. Nd6 Ra8 28. Nxe4 Qf5 29. Ng3 Qf6 30. Ra1 Rxa1 31. Qxa1 h6 32. Qa5 Qxf2 33. Qd8+ Kh7 34. Qxh4 Qxe3 35. Qe4+ Qxe4 36. Nxe4 Kg6 37. Bd3 f5 38. Nd6 b6 39. g4 1-0

[Event "Pula op 28th"]
[Site "Pula"]
[Date "2014.06.10"]
[Round "5"]
[White "Beletic, Daniel"]
[Black "Ivanovic, Andrej"]
[Result "1-0"]
[WhiteElo "2270"]
[BlackElo "2106"]
[PlyCount "51"]
[EventDate "2014.06.07"]
[EventType "swiss"]
[EventRounds "9"]
[EventCountry "CRO"]
[SourceTitle "CBM 160 Extra"]
[Source "ChessBase"]
[SourceDate "2014.07.01"]
[SourceVersion "1"]
[SourceVersionDate "2014.07.01"]
[SourceQuality "1"]

1. d4 e6 2. c4 f5 3. Nc3 Nf6 4. Qc2 Bb4 5. Bd2 0-0 6. e3 d6 7. Bd3 Nc6 8. Nge2 g6 9. a3 Bxc3 10. Bxc3 e5 11. f3 Qe7 12. d5 Nd8 13. 0-0 Nf7 14. Rae1 Bd7 15. b4 Kh8 16. Qb2 Nh5 17. f4 Rae8 18. e4 Ng7 19. Ng3 fxe4 20. Nxe4 Bf5 21. Nf2 Kg8 22. Bxf5 Nxf5 23. fxe5 Nxe5 24. Bxe5 dxe5 25. Ng4 e4 26. Rxf5 1-0

[Event "SLO-chT Central Superliga 14th"]
[Site "Slovenia"]
[Date "2013.11.07"]
[Round "6.2"]
[White "Ivanovic, Andrej"]
[Black "Kralj, Manca"]
[Result "1-0"]
[WhiteElo "2143"]
[BlackElo "1795"]
[PlyCount "103"]
[EventDate "2013.09.19"]
[EventType "team-tourn"]
[EventRounds "9"]
[EventCountry "SLO"]
[SourceTitle "EXT 2022"]
[Source "ChessBase"]
[SourceDate "2021.10.06"]
[SourceVersion "1"]
[SourceVersionDate "2021.10.06"]
[SourceQuality "1"]
[WhiteTeam "Srecko Kosovel"]
[BlackTeam "Komenda Pogi"]
[WhiteTeamCountry "SLO"]
[BlackTeamCountry "SLO"]

1. d4 d5 2. c4 dxc4 3. Nf3 Nf6 4. e3 e6 5. Bxc4 Bd6 6. Nc3 b6 7. e4 Be7 8. 0-0 Bb7 9. Re1 0-0 10. Bg5 Nbd7 11. a4 h6 12. Bh4 a6 13. Qd3 Nh5 14. Bxe7 Qxe7 15. Rad1 Nf4 16. Qe3 Ng6 17. e5 c6 18. Ne4 b5 19. Bb3 Nb6 20. a5 Nd5 21. Bxd5 exd5 22. Nc5 Bc8 23. h3 Re8 24. Rc1 Nf8 25. Nd2 Ne6 26. Nxe6 Qxe6 27. Nb3 Re7 28. Qd3 Rc7 29. Nc5 Qf5 30. Qxf5 Bxf5 31. g4 Be6 32. f4 g6 33. Rf1 Kh7 34. f5 gxf5 35. gxf5 Rg8+ 36. Kh2 Bc8 37. Rce1 f6 38. e6 Re7 39. Rg1 Rg5 40. Rxg5 hxg5 41. Kg3 Kg8 42. Rc1 Kg7 43. Rc3 Rc7 44. Kg4 Kf8 45. Kh5 Kg7 46. h4 gxh4 47. Kxh4 Kf8 48. Kg4 Rg7+ 49. Kf4 Ke7 50. Rh3 Kd6 51. Rh8 Kc7 52. Rf8 1-0

[Event "SLO-chT1 West"]
[Site "Ljubljana"]
[Date "2013.09.29"]
[Round "3"]
[White "Ivanovic, Andrej"]
[Black "Debevec, Blaz"]
[Result "1/2-1/2"]
[WhiteElo "2143"]
[BlackElo "2113"]
[PlyCount "32"]
[EventDate "2013.09.27"]
[EventType "team-tourn"]
[EventRounds "9"]
[EventCountry "SLO"]
[SourceTitle "EXT 2019"]
[Source "ChessBase"]
[SourceDate "2018.10.10"]
[SourceVersion "1"]
[SourceVersionDate "2018.10.10"]
[SourceQuality "1"]
[WhiteTeam "Val Koper"]
[BlackTeam "Komenda"]
[WhiteTeamCountry "SLO"]
[BlackTeamCountry "SLO"]

1. d4 d6 2. Nf3 g6 3. c4 Bg7 4. Nc3 Bg4 5. e3 c5 6. Be2 cxd4 7. Nxd4 Bxe2 8. Qxe2 Nc6 9. Qd2 Rc8 10. b3 Nf6 11. Bb2 0-0 12. Rd1 Qa5 13. 0-0 Qh5 14. Qe2 Qxe2 15. Ndxe2 Ne4 16. f3 Nxc3 1/2-1/2

[Event "Trieste op 15th"]
[Site "Trieste"]
[Date "2013.09.01"]
[Round "3"]
[White "Ivanovic, Andrej"]
[Black "Valsecchi, Alessio"]
[Result "0-1"]
[WhiteElo "2143"]
[BlackElo "2412"]
[PlyCount "58"]
[EventDate "2013.08.31"]
[EventType "swiss"]
[EventRounds "9"]
[EventCountry "ITA"]
[SourceTitle "CBM 156 Extra"]
[Source "ChessBase"]
[SourceDate "2013.10.22"]
[SourceVersion "1"]
[SourceVersionDate "2013.10.22"]
[SourceQuality "1"]

1. d4 Nf6 2. c4 c5 3. d5 e5 4. Nc3 d6 5. e4 Be7 6. Be2 Nbd7 7. Nf3 Nf8 8. 0-0 Ng6 9. Ne1 0-0 10. Nd3 a6 11. a4 b6 12. Be3 Ne8 13. b4 Bg5 14. Qd2 Bxe3 15. Qxe3 f5 16. exf5 Bxf5 17. bxc5 bxc5 18. f3 Qa5 19. Nf2 Nf6 20. g4 Nf4 21. Rfc1 Bg6 22. g5 Nxe2+ 23. Qxe2 Nh5 24. Nfe4 Nf4 25. Qe3 Qc7 26. Rab1 Rab8 27. Kh1 Qd7 28. Rxb8 Rxb8 29. Rc2 Qh3 0-1

[Event "Liberec Desko op"]
[Site "Liberec"]
[Date "2013.07.23"]
[Round "5"]
[White "Ivanovic, Andrej"]
[Black "Tuma, Jakub"]
[Result "0-1"]
[WhiteElo "2144"]
[BlackElo "2290"]
[PlyCount "62"]
[EventDate "2013.07.20"]
[EventType "swiss"]
[EventRounds "9"]
[EventCountry "CZE"]
[SourceTitle "CBM 155 Extra"]
[Source "ChessBase"]
[SourceDate "2013.08.26"]
[SourceVersion "1"]
[SourceVersionDate "2013.08.26"]
[SourceQuality "1"]

1. d4 Nf6 2. c4 g6 3. Nc3 d5 4. cxd5 Nxd5 5. e4 Nxc3 6. bxc3 Bg7 7. Nf3 c5 8. Be3 Qa5 9. Qd2 Nc6 10. Rb1 a6 11. Rc1 cxd4 12. cxd4 Qxd2+ 13. Kxd2 f5 14. e5 Be6 15. Bc4 Bxc4 16. Rxc4 h6 17. h4 Rd8 18. Ke2 0-0 19. g3 e6 20. Rb1 Rf7 21. Rb6 Rd5 22. Nd2 Ra5 23. a4 Bf8 24. f4 Rd7 25. Kd3 Kf7 26. Nb3 Rad5 27. Kc3 Be7 28. Nc1 Bd8 29. Rb2 Ba5+ 30. Kc2 Rc7 31. Nd3 Nxd4+ 0-1

[Event "SLO-ch 23rd"]
[Site "Sentjur"]
[Date "2013.04.07"]
[Round "2"]
[White "Lenic, Luka"]
[Black "Ivanovic, Andrej"]
[Result "1-0"]
[WhiteElo "2617"]
[BlackElo "2127"]
[PlyCount "77"]
[EventDate "2013.04.06"]
[EventType "swiss"]
[EventRounds "9"]
[EventCountry "SLO"]
[SourceTitle "CBM 153 Extra"]
[Source "ChessBase"]
[SourceDate "2013.04.22"]
[SourceVersion "1"]
[SourceVersionDate "2013.04.22"]
[SourceQuality "1"]

1. d4 e6 2. c4 f5 3. g3 Nf6 4. Bg2 d5 5. Nf3 c6 6. 0-0 Bd6 7. b3 Qe7 8. Bb2 0-0 9. Nbd2 a5 10. Ne5 Nbd7 11. Ndf3 a4 12. Rc1 Ne4 13. Qc2 f4 14. c5 Bc7 15. b4 a3 16. Ba1 fxg3 17. hxg3 Rf6 18. Bc3 Nxc3 19. Qxc3 Nxe5 20. Nxe5 Bxe5 21. dxe5 Rh6 22. e4 Bd7 23. f4 Rf8 24. Qxa3 g5 25. Qe3 gxf4 26. Rxf4 Rxf4 27. Qxf4 Qg7 28. Rf1 Rg6 29. Kh2 h6 30. Bh3 Rg5 31. exd5 cxd5 32. Re1 Qg6 33. Re2 Bb5 34. Rf2 Qe8 35. Bxe6+ Qxe6 36. Qf8+ Kh7 37. Rf7+ Kg6 38. Rf6+ Qxf6 39. exf6 1-0

[Event "Porec op 12th"]
[Site "Porec"]
[Date "2012.12.08"]
[Round "6"]
[White "Samovojska, Damir"]
[Black "Ivanovic, Andrej"]
[Result "1/2-1/2"]
[WhiteElo "2225"]
[BlackElo "2118"]
[PlyCount "157"]
[EventDate "2012.12.06"]
[EventType "swiss"]
[EventRounds "7"]
[EventCountry "CRO"]
[SourceTitle "CBM 151 Extra"]
[Source "ChessBase"]
[SourceDate "2012.12.18"]
[SourceVersion "1"]
[SourceVersionDate "2012.12.18"]
[SourceQuality "1"]

1. d4 d6 2. g3 e5 3. dxe5 dxe5 4. Qxd8+ Kxd8 5. Nc3 c6 6. f4 Nd7 7. Nf3 Bd6 8. Ne4 Bc7 9. Bd2 Ne7 10. 0-0-0 exf4 11. gxf4 Ke8 12. e3 Nb6 13. Rg1 Rg8 14. Re1 a5 15. a3 f6 16. Kb1 Kf7 17. Nc5 Bd6 18. Nb3 a4 19. Nc1 Re8 20. Bd3 g6 21. e4 Bc5 22. Rg2 f5 23. e5 h6 24. Be2 Be6 25. Nd3 Nd7 26. Nxc5 Nxc5 27. Nd4 Bd5 28. Rgg1 Ne6 29. Be3 Nxd4 30. Bxd4 Rg8 31. Be3 b5 32. Rd1 Rad8 33. h4 Be6 34. Rgf1 Bd5 35. Bb6 Rd7 36. Bc5 Ke6 37. Rd2 Ba2+ 38. Kc1 Rxd2 39. Kxd2 Rd8+ 40. Kc1 Nd5 41. Rf2 Nc7 42. Bb6 Rd7 43. Bxc7 Rxc7 44. Rg2 Rg7 45. b3 axb3 46. c3 b2+ 47. Kxb2 Bd5 48. Rg1 g5 49. hxg5 hxg5 50. Kc2 g4 51. c4 bxc4 52. Kc3 Ra7 53. Ra1 g3 54. Kb4 Rb7+ 55. Kc5 Rb2 56. Bf1 g2 57. Bxg2 Rxg2 58. a4 Rb2 59. Kd4 c3 60. Kxc3 Ra2 61. Rxa2 Bxa2 62. Kd4 Kd7 63. Kc5 Kc7 64. a5 Bd5 65. Kb4 Kb7 66. Kc5 Ka6 67. Kb4 Bf3 68. e6 Bh5 69. Kc5 Be8 70. Kd6 Kxa5 71. Ke7 Bh5 72. Kf6 c5 73. Kxf5 c4 74. Ke4 Kb4 75. f5 c3 76. f6 c2 77. f7 Bxf7 78. exf7 c1Q 79. f8Q+ 1/2-1/2

[Event "SLO-chT 1st League Central"]
[Site "Ljubljana"]
[Date "2012.10.18"]
[Round "7.2"]
[White "Ivanovic, Andrej"]
[Black "Grcar, Janez"]
[Result "1-0"]
[WhiteElo "2107"]
[BlackElo "1684"]
[PlyCount "115"]
[EventDate "2012.09.06"]
[EventType "team-swiss"]
[EventRounds "9"]
[EventCountry "SLO"]
[SourceTitle "EXT 2019"]
[Source "ChessBase"]
[SourceDate "2018.10.10"]
[SourceVersion "1"]
[SourceVersionDate "2018.10.10"]
[SourceQuality "1"]
[WhiteTeam "Kosovel Srecko"]
[BlackTeam "Kamnik DU"]
[WhiteTeamCountry "SLO"]
[BlackTeamCountry "SLO"]

1. d4 d5 2. Bf4 Nf6 3. e3 g6 4. Nf3 Bg7 5. c4 0-0 6. Nc3 e6 7. Bd3 c6 8. c5 b6 9. b4 Nbd7 10. 0-0 Ng4 11. Bd6 Re8 12. h3 Nh6 13. e4 f6 14. Re1 Nf7 15. Bg3 Bb7 16. Rb1 b5 17. a4 a6 18. Qb3 Nf8 19. Ra1 Qd7 20. Ra2 h6 21. h4 h5 22. Qb1 g5 23. e5 g4 24. exf6 Bxf6 25. Ne5 Nxe5 26. Bxe5 Bxh4 27. g3 Bg5 28. Bg6 h4 29. gxh4 Bxh4 30. Kg2 Qe7 31. Rh1 Qg5 32. Bxe8 Rxe8 33. axb5 cxb5 34. Ne2 Ng6 35. c6 Rf8 36. Bg3 Bxc6 37. Qc1 Qf6 38. Qh6 Qf3+ 39. Kg1 Rf6 40. Rxh4 Nxh4 41. Qxh4 Qf5 42. Be5 Qb1+ 43. Kh2 g3+ 44. Bxg3 Qxa2 45. Qxf6 Qxe2 46. Qg6+ Kh8 47. Be5+ Qxe5+ 48. dxe5 d4 49. Qf6+ Kh7 50. Qxe6 Be4 51. Qd7+ Kg6 52. Qg4+ Kf7 53. Qxe4 d3 54. Qf5+ Kg8 55. Qf6 Kh7 56. Qf5+ Kh6 57. Qxd3 Kg5 58. Kg3 1-0

[Event "SLO-chT Cup"]
[Site "Ljubljana"]
[Date "2012.09.16"]
[Round "4.42"]
[White "Ivanovic, Andrej"]
[Black "Leben, Dusan"]
[Result "1-0"]
[WhiteElo "2107"]
[BlackElo "1814"]
[PlyCount "123"]
[EventDate "2012.09.14"]
[EventType "team-swiss"]
[EventRounds "5"]
[EventCountry "SLO"]
[SourceTitle "EXT 2015"]
[Source "ChessBase"]
[SourceDate "2014.11.20"]
[SourceVersion "1"]
[SourceVersionDate "2014.11.20"]
[SourceQuality "1"]
[WhiteTeam "Val Koper"]
[BlackTeam "Podpec"]
[WhiteTeamCountry "SLO"]
[BlackTeamCountry "SLO"]

1. d4 Nf6 2. c4 e6 3. Nc3 d5 4. cxd5 Nxd5 5. e4 Nxc3 6. bxc3 b6 7. Nf3 Bb7 8. Bd3 Be7 9. 0-0 0-0 10. Bf4 c5 11. Rc1 Ba6 12. Bxa6 Nxa6 13. d5 exd5 14. exd5 Bd6 15. Bxd6 Qxd6 16. Re1 Nc7 17. c4 Rfe8 18. Qd3 a6 19. a4 Rab8 20. Ng5 Qg6 21. Qxg6 hxg6 22. Kf1 Rxe1+ 23. Kxe1 f6 24. Nf3 Ne8 25. Kd2 Nd6 26. Kd3 Kf7 27. Nd2 Rh8 28. h3 Rb8 29. Rb1 Ke7 30. Rb2 Kd7 31. Nb1 Kc7 32. Nc3 Nf7 33. Ne4 f5 34. Nd2 Re8 35. Nf3 g5 36. Re2 Rxe2 37. Kxe2 g4 38. hxg4 fxg4 39. Nd2 Kd6 40. Ke3 Ke5 41. Ne4 g6 42. a5 bxa5 43. Nxc5 Nd6 44. Nd7+ Kf5 45. c5 Nc8 46. Nb6 Na7 47. Kd4 Nb5+ 48. Kc4 Kf6 49. Nd7+ Ke7 50. Nb8 a4 51. Nxa6 Na7 52. Kb4 a3 53. Kxa3 Nb5+ 54. Kb4 Nd4 55. Kc4 Nf5 56. d6+ Ke6 57. Nc7+ Kd7 58. Kd5 g3 59. c6+ Kc8 60. fxg3 Ne3+ 61. Ke6 Nf5 62. Nb5 1-0

[Event "SLO-chT Cup"]
[Site "Ljubljana"]
[Date "2012.09.15"]
[Round "3.22"]
[White "Ivanovic, Andrej"]
[Black "Kavcic, Zan"]
[Result "0-1"]
[WhiteElo "2107"]
[BlackElo "2270"]
[PlyCount "102"]
[EventDate "2012.09.14"]
[EventType "team-swiss"]
[EventRounds "5"]
[EventCountry "SLO"]
[SourceTitle "EXT 2015"]
[Source "ChessBase"]
[SourceDate "2014.11.20"]
[SourceVersion "1"]
[SourceVersionDate "2014.11.20"]
[SourceQuality "1"]
[WhiteTeam "Val Koper"]
[BlackTeam "Vrhnika"]
[WhiteTeamCountry "SLO"]
[BlackTeamCountry "SLO"]

1. d4 Nf6 2. c4 c5 3. d5 b5 4. cxb5 a6 5. b6 Qxb6 6. Nc3 d6 7. e4 g6 8. a4 Bg7 9. a5 Qb4 10. Ra4 Qb7 11. Bc4 0-0 12. f4 Bd7 13. Ra3 Bb5 14. Qb3 Nbd7 15. Nf3 Rfb8 16. 0-0 Qc7 17. Re1 Bxc4 18. Qxc4 Rb4 19. Qe2 Qb7 20. Rd1 Ne8 21. e5 dxe5 22. fxe5 Nc7 23. e6 fxe6 24. dxe6 Nf6 25. Ng5 Rb8 26. Na4 Nb5 27. Nb6 Nxa3 28. bxa3 Rd4 29. Bb2 Rxd1+ 30. Qxd1 h6 31. Nf7 Qe4 32. Be5 Ng4 33. Bg3 Qe3+ 34. Kf1 Qxg3 35. hxg3 Ne3+ 36. Ke2 Nxd1 37. Kxd1 c4 38. Kc2 Bd4 39. Nxc4 Kg7 40. g4 Rb5 41. Nd8 Rg5 42. Kd3 Rxg4 43. Nc6 Bc5 44. Nb8 Rxg2 45. Nxa6 Bxa3 46. Nb8 Bc5 47. Ke4 h5 48. Nd7 Ba7 49. Nce5 h4 50. Nc6 h3 51. Nxe7 h2 0-1

[Event "Trieste op 14th"]
[Site "Trieste"]
[Date "2012.09.08"]
[Round "9"]
[White "Ivanovic, Andrej"]
[Black "Bisi, Samuele"]
[Result "1-0"]
[WhiteElo "2107"]
[BlackElo "2050"]
[PlyCount "65"]
[EventDate "2012.09.01"]
[EventType "swiss"]
[EventRounds "9"]
[EventCountry "ITA"]
[SourceTitle "CBM 150 Extra"]
[Source "ChessBase"]
[SourceDate "2012.10.19"]
[SourceVersion "1"]
[SourceVersionDate "2012.10.19"]
[SourceQuality "1"]

1. d4 Nf6 2. c4 e6 3. Nc3 c5 4. d5 exd5 5. cxd5 d6 6. Nf3 g6 7. Bf4 Bg7 8. e3 0-0 9. h3 Na6 10. Bxa6 bxa6 11. Nd2 Rb8 12. Nc4 Ne8 13. Qd3 a5 14. Rc1 Ba6 15. b3 f5 16. 0-0 Nf6 17. Rfd1 Bxc4 18. Qxc4 Nh5 19. Bh2 Rb4 20. Qf1 f4 21. exf4 Nxf4 22. Ne2 g5 23. Nxf4 gxf4 24. Rc4 f3 25. gxf3 Rxf3 26. Qg2 Rf5 27. Rg4 Rxg4 28. hxg4 Rf7 29. Re1 Bd4 30. Bg3 Re7 31. Re6 Rxe6 32. dxe6 Be5 33. Qd5 1-0

[Event "Trieste op 14th"]
[Site "Trieste"]
[Date "2012.09.05"]
[Round "6"]
[White "Ivanovic, Andrej"]
[Black "Srebrnic, Vojko"]
[Result "0-1"]
[WhiteElo "2107"]
[BlackElo "2207"]
[PlyCount "86"]
[EventDate "2012.09.01"]
[EventType "swiss"]
[EventRounds "9"]
[EventCountry "ITA"]
[SourceTitle "CBM 150 Extra"]
[Source "ChessBase"]
[SourceDate "2012.10.19"]
[SourceVersion "1"]
[SourceVersionDate "2012.10.19"]
[SourceQuality "1"]

1. d4 g6 2. c4 Bg7 3. Nc3 c5 4. d5 Bxc3+ 5. bxc3 f5 6. Nf3 Nf6 7. e3 d6 8. Bd3 Nbd7 9. Qe2 Ne5 10. Nxe5 dxe5 11. e4 Qd6 12. exf5 gxf5 13. f3 e4 14. fxe4 fxe4 15. Bxe4 Nxe4 16. Qxe4 0-0 17. Bd2 Bf5 18. Qe3 Bg6 19. Qg3 Qxg3+ 20. hxg3 Bd3 21. Bf4 Bxc4 22. 0-0-0 Rf5 23. d6 exd6 24. Rxd6 Bxa2 25. Rhd1 Re8 26. Rd7 Rf7 27. Rxf7 Kxf7 28. Rd7+ Re7 29. Rxe7+ Kxe7 30. Bb8 a6 31. Kb2 Bd5 32. Ka3 Kd7 33. Ba7 Kc6 34. Ka4 b6 35. Bb8 h5 36. Bf4 Bxg2 37. Bg5 Bf3 38. Bd8 Bd1+ 39. Ka3 b5 40. Ba5 Kd5 41. Kb2 Kc4 42. Kc1 Bg4 43. Kb2 b4 0-1

[Event "Trieste op 14th"]
[Site "Trieste"]
[Date "2012.09.02"]
[Round "3"]
[White "Jovic, Stanoje"]
[Black "Ivanovic, Andrej"]
[Result "1-0"]
[WhiteElo "2338"]
[BlackElo "2107"]
[PlyCount "52"]
[EventDate "2012.09.01"]
[EventType "swiss"]
[EventRounds "9"]
[EventCountry "ITA"]
[SourceTitle "CBM 150 Extra"]
[Source "ChessBase"]
[SourceDate "2012.10.19"]
[SourceVersion "1"]
[SourceVersionDate "2012.10.19"]
[SourceQuality "1"]

1. c4 e5 2. Nc3 Nf6 3. Nf3 Nc6 4. e3 Bb4 5. Qc2 Bxc3 6. Qxc3 d6 7. d4 Qe7 8. dxe5 dxe5 9. a3 a5 10. b3 Bf5 11. Be2 Ne4 12. Qb2 Rd8 13. 0-0 0-0 14. b4 f6 15. c5 Kh8 16. Nd2 Nxd2 17. Bxd2 axb4 18. axb4 Qf7 19. b5 Ne7 20. Ra7 Qg6 21. Rc1 Bh3 22. Bf1 Nf5 23. Rc4 Rf7 24. Kh1 e4 25. gxh3 Nh4 26. Qd4 Re8 1-0

[Event "Porec op"]
[Site "Porec"]
[Date "2011.12.02"]
[Round "3"]
[White "Ivanovic, Andrej"]
[Black "Fercec, Nenad"]
[Result "0-1"]
[WhiteElo "2039"]
[BlackElo "2451"]
[PlyCount "48"]
[EventDate "2011.12.01"]
[EventType "swiss"]
[EventRounds "7"]
[EventCountry "CRO"]
[SourceTitle "CBM 145 Extra"]
[Source "ChessBase"]
[SourceDate "2012.01.03"]
[SourceVersion "1"]
[SourceVersionDate "2012.01.03"]
[SourceQuality "1"]

1. Nf3 d5 2. c4 d4 3. g3 Nc6 4. Bg2 e5 5. d3 Nf6 6. Bg5 Be7 7. Bxf6 Bxf6 8. 0-0 0-0 9. Nbd2 Be7 10. a3 a5 11. b3 f5 12. Qc2 Bc5 13. Rfb1 Qe7 14. Qb2 e4 15. Ne1 e3 16. fxe3 Qxe3+ 17. Kh1 Qxe2 18. b4 axb4 19. Bxc6 bxc6 20. axb4 Rxa1 21. Rxa1 f4 22. Nef3 Bh3 23. Rg1 fxg3 24. Rxg3 Rxf3 0-1

[Event "Porec op"]
[Site "Porec"]
[Date "2011.12.01"]
[Round "2"]
[White "Licardo, Renato"]
[Black "Ivanovic, Andrej"]
[Result "0-1"]
[WhiteElo "2200"]
[BlackElo "2039"]
[PlyCount "54"]
[EventDate "2011.12.01"]
[EventType "swiss"]
[EventRounds "7"]
[EventCountry "CRO"]
[SourceTitle "CBM 145 Extra"]
[Source "ChessBase"]
[SourceDate "2012.01.03"]
[SourceVersion "1"]
[SourceVersionDate "2012.01.03"]
[SourceQuality "1"]

1. e4 e6 2. d4 d5 3. e5 b6 4. c3 Qd7 5. Bd3 Ba6 6. Bc2 c5 7. Ne2 Nc6 8. a3 f6 9. exf6 Nxf6 10. dxc5 Bxc5 11. b4 Bd6 12. Ba4 Bxe2 13. Qxe2 0-0 14. 0-0 Rae8 15. Re1 e5 16. c4 d4 17. Bg5 e4 18. c5 bxc5 19. bxc5 Bxh2+ 20. Kxh2 Ng4+ 21. Kg1 Rxf2 22. Qc4+ Kh8 23. Bd1 Nce5 24. Qa4 Qf7 25. Bh4 Rf8 26. Qb5 Qf4 27. Bxg4 Nxg4 0-1

[Event "Mediterranean op 5th"]
[Site "Rijeka"]
[Date "2011.11.17"]
[Round "7"]
[White "Ramesa, Davor"]
[Black "Ivanovic, Andrej"]
[Result "1-0"]
[WhiteElo "2302"]
[BlackElo "2039"]
[PlyCount "59"]
[EventDate "2011.11.11"]
[EventType "swiss"]
[EventRounds "9"]
[EventCountry "CRO"]
[SourceTitle "EXT 2012"]
[Source "ChessBase"]
[SourceDate "2011.11.24"]
[SourceVersion "1"]
[SourceVersionDate "2011.11.24"]
[SourceQuality "1"]

1. Nf3 c5 2. c4 Nc6 3. Nc3 Nd4 4. e3 Nxf3+ 5. Qxf3 g6 6. Be2 Bg7 7. 0-0 d6 8. h3 Nh6 9. d3 0-0 10. g4 f5 11. g5 Nf7 12. Qg2 Bxc3 13. bxc3 e5 14. f4 Rb8 15. Bf3 Qe7 16. h4 Be6 17. Rb1 b6 18. Rf2 Rfc8 19. Bd2 Qd7 20. h5 e4 21. dxe4 Bxc4 22. exf5 gxf5 23. Bd5 Bxd5 24. Qxd5 Qb7 25. Qxf5 Re8 26. g6 hxg6 27. hxg6 Nh6 28. Qg5 Qe4 29. Qxh6 Qxb1+ 30. Rf1 1-0